| 000 | 00762nam a22002297a 4500 | ||
|---|---|---|---|
| 999 |
_c20702 _d20702 |
||
| 003 | AR-CdUCM | ||
| 008 | 190604b ||||| |||| 00| 0 spa d | ||
| 020 | _a978-607-9322-08-3 | ||
| 040 |
_aMUNICIPALIDAD PROVINCIAL DEL CUSCO _cBIBLIOTECA MUNICIPAL DEL CUSCO |
||
| 082 |
_a869.16 / _bL82 |
||
| 100 |
_aLobo, Ramón J. _943244 |
||
| 245 | _aSiempre hacia el oeste / | ||
| 260 |
_aGuadalajara : _bEspaña, _c2015. |
||
| 300 |
_bIlustraciones, _c18 cm. |
||
| 500 | _a[libro reempastado], texto no enumerado. | ||
| 505 | _aContenido: Cuento infantil. | ||
| 650 |
_aCuento infantil _93319 |
||
| 650 |
_aCuento juvenil _943245 |
||
| 700 |
_aGuisado Zúñiga, Carlos (editor), Urzúa, Paulina (diseño y portada) _943246 |
||
| 942 |
_2ddc _cLIBROS |
||
| 945 | _aAndy | ||